| 000 | 00415 a2200121 4500 | ||
|---|---|---|---|
| 001 | ART_7490 | ||
| 005 | 20260410161720.0 | ||
| 008 | 260409a | ||
| 245 | 1 | 0 | _aEl medio ambiente, su influencia en la contabilidad y en la empresa |
| 100 | 1 | _aFronti de García, Luisa | |
| 700 | 1 | _aPahlen Acuña, Ricardo Jose María | |
| 773 | 0 |
_tContabilidad y auditoría _g- Año 8, Nº 16 (dic. 2002) _wREV1723 |
|
| 999 |
_c16869 _d16869 |
||